[Event "11th Kesan Open"]
[Site "Edirne TUR"]
[Date "2013.08.28"]
[Round "4.14"]
[White "Yeke,S"]
[Black "Uzumcu,Ahmet Utku"]
[Result "0-1"]
[WhiteElo "2261"]
[BlackElo "1616"]

1.d4 d5 2.c4 c6 3.Nc3 Nf6 4.e3 e6 5.Nf3 Bd6 6.g3 Nbd7 7.Qe2 O-O 8.Bg2 Re8
9.O-O dxc4 10.Qxc4 e5 11.Rd1 Qe7 12.e4 exd4 13.Nxd4 Ne5 14.Qf1 Bc5 15.Na4 Bxd4
16.Rxd4 c5 17.Rd1 c4 18.Nc3 Nd3 19.Rxd3 cxd3 20.Qxd3 h6 21.Be3 Be6 22.h3 Rad8
23.Nd5 Bxd5 24.exd5 Qe5 25.Rd1 Rd7 26.Bxa7 Qxb2 27.Bd4 Qe2 28.Qb3 Rc8 29.Bxf6 gxf6
30.Bf3 Qe5 31.Qa4 Rdd8 32.Kg2 f5 33.Qb4 Rd7 34.Re1 Qd6 35.Qd4 Rdc7 36.Re5 Rc4
37.Qe3 Qg6 38.Qb3 Rc2 39.d6 Rd2 40.Rd5 Rxd5 41.Qxd5 Rd8 42.Qxb7 Qxd6 43.a4 Rb8
44.Qa7 Rb2 45.a5 Ra2 46.Bb7 Ra1 47.Qa8+ Kg7 48.Bd5 Qe7 49.a6 Qe1 50.Kf3 Qd1+
51.Kf4 Ra4+ 52.Kxf5 Qh5+  0-1

[Event "24th Porto San Giorgio Open"]
[Site "Porto San Giorgio ITA"]
[Date "2013.08.28"]
[Round "8.7"]
[White "Bruno,Fabi"]
[Black "Baburin,A"]
[Result "1/2-1/2"]
[WhiteElo "2421"]
[BlackElo "2520"]

1.d4 d5 2.Nf3 Nf6 3.c4 e6 4.Nc3 c6 5.e3 a6 6.Bd3 dxc4 7.Bxc4 c5 8.O-O b5
9.Bb3 Bb7 10.Qe2 Nbd7 11.Rd1 Qb8 12.d5 Nxd5 13.Bxd5 Bxd5 14.Nxd5 exd5 15.a4 Nf6
16.axb5 Be7 17.bxa6 O-O 18.Bd2 Qxb2 19.Rdb1 Qc2 20.Qb5 Bd6 21.a7 Qf5 22.Qb7 h6
23.h3 Ne4 24.Be1 Rfd8 25.Ra6 c4 26.Nd4 Qe5 27.f4 Qe8 28.Qc6 Bc5 29.Ba5 Bxa7
30.Bxd8 Qxc6 31.Rxc6 Rxd8 32.Nc2 g5 33.fxg5 hxg5 34.Rb7 Bb8 35.Nd4 Be5 36.Nf3 Bd6
37.g4 Bc5 38.Nd4 Ra8 39.Rb5 Ra1+ 40.Kg2 Ra2+ 41.Kf1 Ra1+ 42.Kg2 Ra2+ 43.Kf1 Ra1+  1/2-1/2

[Event "Petersburg Summer Blitz 2013"]
[Site "St Petersburg RUS"]
[Date "2013.08.28"]
[Round "2.2"]
[White "Bukavshin,I"]
[Black "Orlov,O2"]
[Result "1-0"]
[WhiteElo "2539"]
[BlackElo "2299"]

1.d4 d5 2.c4 c6 3.Nc3 Nf6 4.e3 e6 5.Nf3 Nbd7 6.Qc2 a6 7.b3 b5 8.Bd3 Bd6 9.O-O dxc4
10.bxc4 O-O 11.Ne4 Be7 12.Nxf6+ Nxf6 13.e4 Nd7 14.e5 h6 15.c5 a5 16.Qe2 f5
17.exf6 Nxf6 18.Bb2 Qd5 19.Ne5 Bd8 20.a4 Bc7 21.axb5 cxb5 22.Bxb5 Bxe5 23.dxe5 Ne8
24.Rfd1 Qb7 25.c6 Qb6 26.Bd4 Qc7 27.Bc5 Rf5 28.Bd6 Qf7 29.Bd3 Rf4 30.g3 Rf3
31.Be4 Rb3 32.Qc2 Rb6 33.Bh7+ Kh8 34.Bg6 Qg8 35.Qc5 Raa6 36.Be4 Qf7 37.Rxa5 Qa7
38.Rxa6 Qxa6 39.Bc7 Qe2 40.Qf8+  1-0

[Event "Petersburg Summer Blitz 2013"]
[Site "St Petersburg RUS"]
[Date "2013.08.28"]
[Round "3.2"]
[White "Gordievsky,D"]
[Black "Bukavshin,I"]
[Result "1/2-1/2"]
[WhiteElo "2455"]
[BlackElo "2539"]

1.d4 Nf6 2.c4 e6 3.Nf3 d5 4.Nc3 c6 5.e3 Nbd7 6.Qc2 Bd6 7.g4 h6 8.Rg1 e5 9.cxd5 cxd5
10.h4 e4 11.Nd2 g5 12.Rh1 Rg8 13.hxg5 hxg5 14.Be2 Nb8 15.Nb5 Nc6 16.Nxd6+ Qxd6
17.Qb3 b6 18.Rh6 Kf8 19.Rxf6 Qxf6 20.Qxd5 Bb7 21.Nxe4 Qe7 22.Ng3 Nb4 23.Qb3 Bd5
24.Qc3 Nxa2 25.Rxa2 Bxa2 26.Nf5 Qe6 27.Qa3+ Ke8 28.Bb5+ Kd8 29.Bd2 Bd5 30.Bb4 a5
31.Be7+ Kc7 32.Bd6+ Kb7 33.Bg3 Rac8 34.Nd6+ Ka8 35.b4 Rc7 36.bxa5 Ra7 37.Qc3 Rb8
38.Bc6+ Rbb7 39.axb6 Ra2 40.Bxd5 Qxd5 41.Qc8+ Rb8 42.b7+ Qxb7 43.Qxb7+ Rxb7
44.Nxb7 Kxb7 45.Be5 Kc6 46.Kf1 Kd7 47.Kg2 Ke6 48.Kf3 f6 49.Bg3 Ra3 50.Ke4 Ra5
51.Bc7 Rb5 52.Bg3 Rb2 53.Kf3 Kd5 54.Bc7 Ke6 55.Bg3 Rb3 56.Bh2 Rb2 57.Bg3 Rb3  1/2-1/2

[Event "11th Kesan Open"]
[Site "Edirne TUR"]
[Date "2013.08.29"]
[Round "5.6"]
[White "Chighladze,I"]
[Black "Hadjiyev,S"]
[Result "1-0"]
[WhiteElo "2385"]
[BlackElo "2113"]

1.d4 d5 2.c4 c6 3.Nf3 Nf6 4.Nc3 e6 5.e3 Nbd7 6.Bd3 dxc4 7.Bxc4 b5 8.Bd3 Bb7
9.O-O a6 10.e4 c5 11.d5 Qc7 12.Qe2 c4 13.Bc2 Bd6 14.dxe6 fxe6 15.Ng5 Nc5
16.Be3 Bxh2+ 17.Kh1 h6 18.Nf3 Be5 19.Nxe5 Qxe5 20.f4 Qc7 21.Bxc5 Qxc5 22.e5 Nd5
23.Ne4 Qe7 24.Nd6+ Kd8 25.Be4 Bc6 26.a4 Kc7 27.axb5 axb5 28.Qf2 Rhb8 29.Qc5 Qd8
30.f5 Qh4+ 31.Kg1 Rxa1 32.Rxa1 Ra8 33.Nxb5+ Kb7 34.Nd6+ Kc7 35.Rf1 Qg3 36.fxe6 Qxe5
37.Rf7+ Kb8 38.Qb5+  1-0

[Event "TCh-POL Ekstraliga 2013"]
[Site "Gorzow Wielkopolski POL"]
[Date "2013.08.30"]
[Round "4.4"]
[White "Hracek,Z"]
[Black "Orzech,D"]
[Result "0-1"]
[WhiteElo "2628"]
[BlackElo "2371"]

1.d4 Nf6 2.c4 c6 3.Nc3 d5 4.e3 e6 5.Nf3 Nbd7 6.Qc2 Be7 7.b3 O-O 8.Bb2 b6
9.Bd3 Bb7 10.O-O h6 11.Rac1 Qc7 12.cxd5 exd5 13.Rfd1 Rfe8 14.Bf5 Bf8 15.Bh3 a6
16.g3 Qd8 17.Na4 Bd6 18.Qf5 Nf8 19.Bg2 Re4 20.Ne5 Bc8 21.Qf3 Bxe5 22.dxe5 Bg4
23.exf6 Bxf3 24.Bxf3 Re6 25.fxg7 Ng6 26.e4 Ne5 27.Bg2 d4 28.Rxd4 Rd6 29.Rcd1 Rxd4
30.Rxd4 Qc7 31.Rd2 Re8 32.f4 Nd7 33.Bh3 Rd8 34.Rc2 b5 35.Nc3 Nc5 36.Ne2 Rd1+
37.Kg2 Nd3 38.Bc3 b4 39.Bd2 Qb6  0-1

[Event "Nordeste IM 2013"]
[Site "Natal BRA"]
[Date "2013.08.30"]
[Round "3.3"]
[White "Macedo,MIa"]
[Black "Santiago,Y"]
[Result "1-0"]
[WhiteElo "2368"]
[BlackElo "2422"]

1.d4 e6 2.c4 Nf6 3.Nf3 d5 4.Nc3 c6 5.e3 Nbd7 6.Bd3 dxc4 7.Bxc4 b5 8.Bd3 a6
9.e4 c5 10.d5 Bb7 11.Qe2 c4 12.Bc2 Bc5 13.dxe6 fxe6 14.Ng5 O-O 15.Nxe6 Qe7
16.Nxf8 Rxf8 17.O-O Ne5 18.Be3 Bd6 19.f3 b4 20.Na4 Bc6 21.Rfd1 Bb5 22.Rxd6 Qxd6
23.Bc5 Qc6 24.Bxf8 Kxf8 25.Qd1 Bxa4 26.Bxa4 Qc5+ 27.Kf1 Nd3 28.Qe2 Qe5 29.Rd1 Nxb2
30.Qd2 Nxa4 31.Qxb4+ Nc5 32.Qxc4 Ncd7 33.Qxa6 Ke8 34.Qd6 Qb5+ 35.Kg1 Ne5
36.a4 Qa5 37.Qe6+ Kf8 38.Rc1 Ne8 39.Qd5 Qa7+  1-0

[Event "21st Honor to National Resistance"]
[Site "Nikaia GRE"]
[Date "2013.08.30"]
[Round "5.3"]
[White "Kesoglou,K"]
[Black "Moutousis,K"]
[Result "0-1"]
[WhiteElo "2114"]
[BlackElo "2406"]

1.d4 Nf6 2.c4 e6 3.Nc3 d5 4.Nf3 c6 5.e3 Nbd7 6.Bd3 dxc4 7.Bxc4 b5 8.Bd3 a6
9.e4 c5 10.d5 Qc7 11.dxe6 fxe6 12.O-O c4 13.Bc2 Bb7 14.Qe2 Bd6 15.h3 O-O
16.Bd2 Rae8 17.Rfe1 Ne5 18.Nxe5 Bxe5 19.a3 Bd4 20.Rf1 e5 21.Rac1 Qf7 22.Qf3 Qg6
23.Qf5 Qf7 24.Kh2 h6 25.Rce1 g5 26.Qf3 Qg6 27.Qe2 g4 28.Be3 Bc8 29.Nd5 Nh5
30.hxg4 Bxg4 31.f3 Bc8 32.g4 Ng7 33.Rg1 Ne6 34.f4 exf4 35.e5 Qg5 36.Nf6+ Rxf6
37.exf6 Bxe3 38.Be4 Qxf6 39.g5 Nxg5 40.Bd5+ Kg7 41.Kh1 Re5 42.Qg2 Bxg1 43.Rxg1  0-1

[Event "TCh-POL Ekstraliga 2013"]
[Site "Gorzow Wielkopolski POL"]
[Date "2013.08.31"]
[Round "5.2"]
[White "Oliwa,M"]
[Black "Stachowiak,K"]
[Result "1/2-1/2"]
[WhiteElo "2415"]
[BlackElo "2468"]

1.d4 d5 2.Nf3 Nf6 3.c4 e6 4.Nc3 c6 5.e3 Nbd7 6.b3 Bd6 7.Bd3 e5 8.cxd5 cxd5
9.Nb5 Bb8 10.dxe5 Nxe5 11.Nxe5 Bxe5 12.Nd4 O-O 13.O-O a6 14.Bb2 Re8 15.Qd2 Ne4
16.Qe2 Qf6 17.Rfc1 Bd7 18.f4 Bb8 19.Nc6 Qe6 20.Nxb8 Raxb8 21.Bd4 Rbc8 22.Qb2 f6
23.Rxc8 Rxc8 24.Rc1 Rxc1+ 25.Qxc1 Qc6 26.Qxc6 Bxc6 27.Bxe4 dxe4 28.Kf2 Kf7
29.Ke2 Ke6 30.g4 g6 31.Kf2 a5 32.h4 a4 33.bxa4 Bxa4 34.a3 f5 35.g5 Kd5 36.Bg7 Kc4
37.Bf8 Kd3 38.Be7 Bb3 39.Bf8 Ba4 40.Be7 Bb3 41.Bf8  1/2-1/2

[Event "TCh-ROU 2013"]
[Site "Mamaia ROU"]
[Date "2013.08.31"]
[Round "1.5"]
[White "Ungureanu,V"]
[Black "Banusz,T"]
[Result "0-1"]
[WhiteElo "2374"]
[BlackElo "2595"]

1.d4 d5 2.c4 e6 3.Nf3 Nf6 4.Nc3 c6 5.e3 a6 6.Bd3 dxc4 7.Bxc4 b5 8.Bd3 c5
9.Ne4 Nbd7 10.O-O Bb7 11.Ng3 Bd6 12.Re1 O-O 13.Bc2 Rc8 14.e4 cxd4 15.Nxd4 Qc7
16.Re2 Rfd8 17.Qe1 Bf4 18.Bxf4 Qxf4 19.Rd1 Ne5 20.Bb3 Re8 21.f3 Ng6 22.Red2 Qe5
23.Qf2 h5 24.Qe3 a5 25.a4 bxa4 26.Bxa4 Re7 27.Qa3 h4 28.Nf1 Rec7 29.Nb5 Rc5
30.Nd6 R8c7 31.Nxb7 Rxb7 32.Ne3 Rb4 33.Bb3 Qc7 34.Rd4 Rxd4 35.Rxd4 Qb6 36.Rc4 Rb5
37.Bd1 Rxb2 38.Qc5 Qxc5 39.Rxc5 Ra2 40.Rc2 Ra1 41.Kf2 Nf4 42.Rd2 g5 43.g3 Ng6
44.Nc4 a4 45.Bc2 Kg7 46.Ke3 hxg3 47.hxg3 g4 48.f4 Nh5 49.Kf2 a3 50.Bb3 Rh1
51.Nxa3 Rh2+ 52.Ke3 Rh3 53.Kd4 Rxg3 54.Rd3 Rxd3+ 55.Kxd3 Nhxf4+ 56.Ke3 g3
57.Bd1 g2 58.Kf2 Nh4 59.Bg4 f5 60.Ke1  0-1

[Event "Petersburg Summer Rapid 2013"]
[Site "St Petersburg RUS"]
[Date "2013.08.31"]
[Round "1.11"]
[White "Bukavshin,I"]
[Black "Utkin,V"]
[Result "1-0"]
[WhiteElo "2539"]
[BlackElo "2025"]

1.d4 d5 2.c4 c6 3.Nc3 Nf6 4.e3 e6 5.Nf3 Nbd7 6.Qc2 g6 7.b3 Bg7 8.Ba3 Bf8
9.Bb2 Bg7 10.Be2 O-O 11.O-O Re8 12.e4 dxe4 13.Nxe4 Nxe4 14.Qxe4 c5 15.Rad1 Qc7
16.Bc1 cxd4 17.Nxd4 Nc5 18.Qe3 a6 19.b4 Na4 20.c5 Bd7 21.Qb3 e5 22.Nf3 b5
23.Ng5 Bc6 24.Rd6 Re7 25.Rfd1 h6 26.Rxg6 hxg5 27.Bxg5 Re6 28.Rxe6 fxe6 29.Qxe6+ Kh8
30.Rd3  1-0

[Event "12th Kesarovski Mem"]
[Site "Sunny Beach BUL"]
[Date "2013.08.31"]
[Round "1.10"]
[White "Spassov,L"]
[Black "Enchev,I"]
[Result "0-1"]
[WhiteElo "2327"]
[BlackElo "2450"]

1.d4 d5 2.c4 c6 3.Nc3 Nf6 4.e3 e6 5.Nf3 Nbd7 6.Qc2 Bd6 7.Bd3 dxc4 8.Bxc4 b5
9.Be2 Bb7 10.O-O O-O 11.e4 e5 12.dxe5 Nxe5 13.Bg5 Nxf3+ 14.Bxf3 Qe7 15.g3 h6
16.Be3 Rfe8 17.a3 Be5 18.Ne2 c5 19.Bxc5 Rac8 20.Rac1 Qe6 21.b4 Bd6 22.Nd4 Qh3
23.Rfe1 Ng4 24.Bxg4 Qxg4 25.f3 Qg5 26.Kf2 Re5 27.Nb3 Qh5 28.Kg2 f5 29.Qf2 fxe4
30.Bxd6 exf3+ 31.Kg1 Rxc1 32.Nxc1 Rxe1+ 33.Qxe1 Qd5 34.Qe8+ Kh7 35.Qe3 Qxd6
36.Qd3+ Qg6 37.Qxg6+ Kxg6 38.Kf2 Kf5 39.Nb3 Ke5 40.Ke3 g5 41.h3 Bc8 42.g4 Bb7
43.Nc5 Bc6 44.Nd3+ Kd5 45.Kxf3 Kd4+ 46.Ke2 Bg2 47.Nf2 Kc3 48.Ke3 Kb3 49.Kd4 Kxa3
50.Kc5 a6 51.Nd3 Bxh3 52.Ne5 Ka4 53.Nf7 Bxg4 54.Nxh6 Be6 55.Kd6 g4  0-1

[Event "TCh-POL Ekstraliga 2013"]
[Site "Gorzow Wielkopolski POL"]
[Date "2013.09.01"]
[Round "6.2"]
[White "Bulski,K"]
[Black "Lisowski,K"]
[Result "1/2-1/2"]
[WhiteElo "2538"]
[BlackElo "2165"]

1.d4 d5 2.c4 c6 3.Nc3 Nf6 4.e3 e6 5.Nf3 Nbd7 6.Qc2 Be7 7.b3 b6 8.Be2 Bb7
9.O-O O-O 10.Bb2 dxc4 11.Bxc4 c5 12.Rfd1 cxd4 13.Nxd4 a6 14.Bxe6 fxe6 15.Nxe6 Qc8
16.Nxf8 Qc6 17.f3 Rxf8 18.Qe2 b5 19.a4 b4 20.Nb1 Qe6 21.Nd2 Nc5 22.Rac1 Bd5
23.a5 Nxb3 24.Nxb3 Bxb3 25.Bd4 Ba4 26.Qc4 Qxc4 27.Rxc4 Bb5 28.Rdc1 Kf7 29.Rc7 Ke6
30.g4  1/2-1/2

[Event "US Masters 2013"]
[Site "Greensboro USA"]
[Date "2013.09.01"]
[Round "7.3"]
[White "Jankovic,A"]
[Black "Kekelidze,M"]
[Result "1-0"]
[WhiteElo "2562"]
[BlackElo "2470"]

1.d4 Nf6 2.Nf3 e6 3.c4 d5 4.Nc3 c6 5.e3 a6 6.Bd3 dxc4 7.Bxc4 c5 8.O-O b5
9.Bb3 Bb7 10.e4 cxd4 11.Nxd4 Bc5 12.Be3 Nbd7 13.e5 Ne4 14.Qg4 Nxe5 15.Qxg7 Qf6
16.Nxe6 Qxg7 17.Nxg7+ Kf8 18.Nxe4 Bxe3 19.fxe3 Bxe4 20.Nf5 Rg8 21.Ng3 Bd3
22.Rf4 Rg5 23.Rd1 Bg6 24.Ne4 Bxe4 25.Rxe4 Re8 26.Rf4 Kg7 27.h3 Re7 28.Rd5 Rg6
29.Rf5 Nc4 30.Bxc4 bxc4 31.Rc5 Rb7 32.Rf2 Rgb6 33.Rxc4 Rxb2 34.Rg4+ Kf8 35.Rxb2 Rxb2
36.Ra4 Rb6 37.Kf2 Kg7 38.Kf3 h5 39.Ra5 Kg6 40.a4 f6 41.e4 Rc6 42.g3 Rb6 43.Kf4 Rc6
44.g4 hxg4 45.Kxg4 Rb6 46.h4 Rc6 47.h5+ Kh6 48.Kf4 Rb6 49.Rd5 Rb1 50.Rd6 Rf1+
51.Kg4 Rg1+ 52.Kh4 Rh1+ 53.Kg3 Rf1 54.e5 Kxh5 55.e6 a5 56.Rd5+ Kg6 57.Rxa5 Re1
58.Ra6 Kf5 59.a5 Re5 60.Kf3 Kg5 61.Rd6 Rf5+ 62.Kg3 Rxa5 63.e7 Re5 64.Rd5 Rxd5
65.e8=Q Re5 66.Qf7 Re3+ 67.Kf2 Re5 68.Qg7+ Kf5 69.Kf3 Ke6 70.Qf8 Rf5+ 71.Ke4 Re5+
72.Kd4 Rd5+ 73.Kc4 Re5 74.Qe8+ Kf5 75.Qg8 Re7 76.Kd5 Rd7+ 77.Kc6 Rd4 78.Kc5 Re4
79.Qh7+ Kf4 80.Kd5 Re5+ 81.Kd6 Re4 82.Qg7 Kf5 83.Qh7+ Kf4 84.Qg6 f5 85.Qg2 Re3
86.Qf2+ Ke4 87.Ke6 f4 88.Kf6 f3 89.Kg5 Re2 90.Qh4+ Ke3 91.Qf4+ Kf2 92.Kg4 Kg1
93.Qc1+ Kg2 94.Qc6 Rf2 95.Qe4 Kh2 96.Qe5+ Kg2 97.Qe1 Rf1 98.Qg3+ Kh1 99.Kh3 Rf2
100.Qd6 Kg1 101.Qd4  1-0

[Event "67th Moscow Blitz 2013"]
[Site "Moscow RUS"]
[Date "2013.09.01"]
[Round "11"]
[White "Korotylev,A"]
[Black "Savchenko,B"]
[Result "0-1"]
[WhiteElo "2573"]
[BlackElo "2602"]

1.Nf3 d5 2.d4 Nf6 3.c4 e6 4.Nc3 c6 5.e3 Nbd7 6.Bd2 Bd6 7.Bd3 O-O 8.O-O a6
9.b3 b5 10.c5 Bc7 11.Qc2 e5 12.e4 exd4 13.Nxd4 Nxc5 14.Nxc6 Qd6 15.e5 Qxc6
16.exf6 Bb7 17.fxg7 Kxg7 18.Ne2 d4 19.f3 Bb6 20.Ng3 Nxd3 21.Qxd3 Qg6 22.Nf5+ Kh8
23.Bf4 Rg8 24.g4 Rac8 25.Bg3 Rc3 26.Qd2 Bxf3 27.h3 Qxf5 28.gxf5 Rxg3+ 29.Kh2 Bc7
30.Rxf3 Rgxf3+ 31.Kg2 Rg3+ 32.Kf2 Rcf3+  0-1

[Event "67th Moscow Blitz 2013"]
[Site "Moscow RUS"]
[Date "2013.09.01"]
[Round "12"]
[White "Kovalenko,I"]
[Black "Najer,E"]
[Result "1-0"]
[WhiteElo "2644"]
[BlackElo "2626"]

1.d4 d5 2.c4 c6 3.Nc3 Nf6 4.e3 e6 5.Nf3 Nbd7 6.Qc2 Bd6 7.b3 O-O 8.Bb2 Qe7
9.Bd3 e5 10.cxd5 cxd5 11.dxe5 Nxe5 12.Nxe5 Bxe5 13.O-O-O Bg4 14.f3 Bh5 15.Kb1 Rac8
16.Qd2 Bg6 17.Bxg6 hxg6 18.g4 Rfd8 19.g5 Bxc3 20.Bxc3 Nh5 21.Rhg1 a6 22.Bd4 Qe6
23.f4 Rc6 24.Rc1 Rdc8 25.Rxc6 Rxc6 26.Kb2 Qe4 27.Rc1 Rxc1 28.Kxc1 Kh7 29.Kb2 Qf3
30.a4 Qh1 31.Ka3 Qf1 32.Kb4 f6 33.gxf6 Nxf6 34.Bxf6 gxf6 35.Kc5 Qf3 36.Qd4 Qe2
37.Kb6 Qxh2 38.Qxf6 Qd2 39.Qd4 Qc2 40.Qxd5 Qc3 41.e4 Qe3+ 42.Kxb7 Qxf4 43.e5 Qb4+
44.Kxa6 g5 45.Qb7+ Qxb7+ 46.Kxb7 g4 47.e6 Kg7 48.Kc7 g3 49.e7 g2 50.e8=Q g1=Q
51.Qe5+ Kf7 52.Qd5+ Ke7 53.Qe4+ Kf6 54.Qc6+ Ke7 55.b4 Qa7+ 56.Kc8 Kf7 57.Qc7+  1-0

[Event "67th Moscow Blitz 2013"]
[Site "Moscow RUS"]
[Date "2013.09.01"]
[Round "15"]
[White "Korotylev,A"]
[Black "Mozharov,M"]
[Result "1-0"]
[WhiteElo "2573"]
[BlackElo "2508"]

1.d4 d5 2.c4 c6 3.Nc3 Nf6 4.e3 e6 5.Nf3 Nbd7 6.Bd3 dxc4 7.Bxc4 b5 8.Bd3 a6
9.e4 c5 10.d5 c4 11.Bc2 Bb7 12.dxe6 fxe6 13.e5 Bxf3 14.Qxf3 Nxe5 15.Qh3 Nd3+
16.Bxd3 Qxd3 17.Qxe6+ Be7 18.Be3 Qd6 19.Qxd6 Bxd6 20.O-O-O O-O-O 21.h3 Rhe8
22.Kc2 Kb7 23.g4 Kc6 24.Ne2 Bc5 25.Nd4+ Bxd4 26.Bxd4 Re2+ 27.Kc1 Ne4 28.Rhf1 g6
29.f4 b4 30.Rf3 Rh2 31.f5 gxf5 32.gxf5 Rf8 33.Be5 Nc5 34.Bxh2  1-0

[Event "Petersburg Summer Rapid 2013"]
[Site "St Petersburg RUS"]
[Date "2013.09.01"]
[Round "6.4"]
[White "Matlakov,M"]
[Black "Antipov,M2"]
[Result "1-0"]
[WhiteElo "2676"]
[BlackElo "2488"]

1.d4 Nf6 2.c4 c6 3.Nc3 d5 4.e3 e6 5.Nf3 Nbd7 6.Qc2 Bd6 7.Bd3 O-O 8.O-O dxc4
9.Bxc4 b5 10.Be2 Bb7 11.e4 e5 12.dxe5 Nxe5 13.Nd4 Re8 14.Nf5 Bf8 15.Bg5 Ned7
16.Rad1 Qa5 17.a3 b4 18.axb4 Qxb4 19.Rd4 Qb6 20.Rfd1 Rad8 21.Nd6 Bxd6 22.Rxd6 Qa5
23.Bh4 Ne5 24.Bxf6 Rxd6 25.Rxd6 gxf6 26.h3 Kg7 27.Qd2 Ng6 28.Bc4 Qc5 29.Ba2 Re7
30.Ne2 Rxe4 31.Ng3 Re7 32.Bb1 Bc8 33.Rd8 Be6 34.Bf5 h6 35.Nh5+ Kh7 36.Rh8+  1-0

[Event "Petersburg Summer Rapid 2013"]
[Site "St Petersburg RUS"]
[Date "2013.09.01"]
[Round "6.2"]
[White "Aleksandrov,A"]
[Black "Sjugirov,S"]
[Result "1/2-1/2"]
[WhiteElo "2626"]
[BlackElo "2635"]

1.d4 d5 2.c4 c6 3.Nc3 Nf6 4.e3 e6 5.Nf3 Nbd7 6.Qc2 Bd6 7.Bd3 O-O 8.O-O dxc4
9.Bxc4 e5 10.h3 h6 11.Re1 Re8 12.e4 exd4 13.Nxd4 Ne5 14.Be2 Bc5 15.Nb3 Bb6
16.Bf4 Qe7 17.Bg3 Ng6 18.Rad1 Bc7 19.Bxc7 Qxc7 20.Bf1 Qe5 21.g3 Qh5 22.Qe2 Qxe2
23.Rxe2 a5  1/2-1/2

[Event "Petersburg Summer Rapid 2013"]
[Site "St Petersburg RUS"]
[Date "2013.09.01"]
[Round "10.4"]
[White "Khairullin,I"]
[Black "Antipov,M2"]
[Result "1/2-1/2"]
[WhiteElo "2651"]
[BlackElo "2488"]

1.d4 d5 2.c4 c6 3.Nc3 Nf6 4.e3 e6 5.Nf3 Nbd7 6.Qc2 Bd6 7.Bd3 O-O 8.O-O dxc4
9.Bxc4 b5 10.Be2 Bb7 11.e4 e5 12.dxe5 Nxe5 13.Nd4 Neg4 14.g3 Bxg3 15.hxg3 Qxd4
16.Qd1 Qxd1 17.Rxd1 a6 18.f3 Ne5 19.Be3 Rfe8 20.Rd6 Red8 21.Rad1 Rxd6 22.Rxd6 Ne8
23.Rd1 Nf6 24.b3 Re8 25.f4 Ng6 26.Bc5 Nf8 27.e5 N6d7 28.Ne4 Nxc5 29.Nxc5 Bc8
30.Bf3 Ne6 31.Bxc6 Rd8 32.Rxd8+ Nxd8 33.Bd5 b4 34.Kf2 a5 35.Ke3 Bf5 36.Kd4 Bb1
37.Kc4 Bxa2 38.Kb5 Kf8 39.Kxa5 Bb1 40.Kxb4 Ke7 41.Ka5 f6 42.b4 fxe5 43.fxe5 Bf5
44.b5 h5 45.b6 Bc8 46.Kb4 g5 47.Kc3 h4 48.gxh4 gxh4 49.b7 Nxb7 50.Nxb7 h3
51.Nc5 Bg4 52.Kd2 Kf8 53.Ke3 Kg7 54.Kf4 Bc8 55.Kg3 Kg6 56.Bf3 h2 57.Be4+ Kg5
58.e6 Kf6 59.Bd5 h1=Q  1/2-1/2

[Event "Petersburg Summer Rapid 2013"]
[Site "St Petersburg RUS"]
[Date "2013.09.01"]
[Round "10.3"]
[White "Aleksandrov,A"]
[Black "Bukavshin,I"]
[Result "1/2-1/2"]
[WhiteElo "2626"]
[BlackElo "2539"]

1.d4 d5 2.c4 e6 3.Nc3 c6 4.e3 Nf6 5.Nf3 Nbd7 6.Qc2 Bd6 7.Bd3 O-O 8.O-O dxc4
9.Bxc4 a6 10.Rd1 b5 11.Bf1 Qc7 12.e4 e5 13.dxe5 Nxe5 14.Nxe5 Bxe5 15.g3 Bg4
16.Be2 Rad8 17.Bg5 Bxc3 18.Bxg4 Bd4 19.Bxf6 Bxf6 20.Rxd8 Rxd8 21.Rd1 Rxd1+
22.Bxd1 c5 23.b3 Qa5 24.Kf1 Bd4 25.a4 Qc3  1/2-1/2

[Event "TCh-SRB 1st League 2013"]
[Site "Kragujevac SRB"]
[Date "2013.09.03"]
[Round "11.2"]
[White "Ostojic,N1"]
[Black "Laketic,G"]
[Result "0-1"]
[WhiteElo "2440"]
[BlackElo "2419"]

1.d4 d5 2.c4 c6 3.Nc3 Nf6 4.e3 e6 5.Nf3 Nbd7 6.Qc2 b6 7.b3 Bb7 8.Be2 Be7
9.Bb2 O-O 10.O-O Qc7 11.Rac1 dxc4 12.Bxc4 c5 13.Rfd1 Rad8 14.Qe2 Qb8 15.Ba6 Ba8
16.h3 h6 17.Bc4 Bb7 18.Ba6 Ba8 19.Bd3 Bb7 20.Bb1 a6 21.Qc2 cxd4 22.Nxd4 Rc8
23.Nxe6 fxe6 24.Rxd7 Be4 25.Rd3 Qe5 26.Qe2 Bxd3 27.Qxd3 Rfd8 28.Qxa6 Bb4
29.Qxb6 Bc5 30.Nd1 Bxb6  0-1

[Event "TCh-ROU w 2013"]
[Site "Mamaia ROU"]
[Date "2013.09.03"]
[Round "4.4"]
[White "Morea,G"]
[Black "Foisor,M"]
[Result "1/2-1/2"]
[WhiteElo "1881"]
[BlackElo "2212"]

1.d4 d5 2.c4 c6 3.e3 Nf6 4.Nc3 e6 5.Nf3 Nbd7 6.Bd3 dxc4 7.Bxc4 b5 8.Bd3 Bb7
9.O-O a6 10.Qe2 c5 11.Rd1 Qb8 12.b3 Bd6 13.h3 O-O 14.Bb2 Bxf3 15.Qxf3 c4
16.Be4 Nxe4 17.Nxe4 f5 18.Nxd6 Qxd6 19.bxc4 bxc4 20.Rac1 Rab8 21.Ba1 Qd5
22.Qe2 Rbc8 23.Rc2 Nb6 24.f3 Na4 25.Rdc1 Qb5 26.Kf2 Nb6 27.Bb2 Qa4 28.Rc3 Rf7
29.R1c2 h6 30.Bc1 Qb5 31.Kg1 Rfc7 32.e4 Na4 33.Ra3 c3 34.Qf2 fxe4 35.fxe4 Rf7
36.Qe2 Qc4 37.Be3 Rb7 38.Qg4 Kh7 39.d5 exd5 40.Qf5+ g6 41.Qf4 d4 42.Qxh6+ Kg8
43.Rxa4 Qxa4 44.Qxg6+ Rg7 45.Qe6+ Kh7 46.Qf5+ Rg6 47.Qh5+ Kg7 48.Qe5+ Kg8
49.Qd5+ Kh7 50.Qh5+ Kg7 51.Qe5+ Kg8 52.Qd5+ Kh7  1/2-1/2

[Event "Satka Autumn 2013"]
[Site "Satka RUS"]
[Date "2013.09.03"]
[Round "1"]
[White "Shnayder,V"]
[Black "Nebolsina,V"]
[Result "0-1"]
[WhiteElo "1977"]
[BlackElo "2267"]

1.Nf3 d5 2.c4 c6 3.d4 Nf6 4.Nc3 e6 5.e3 Nbd7 6.Bd3 dxc4 7.Bxc4 b5 8.Bd3 Bd6
9.a3 O-O 10.e4 e5 11.O-O exd4 12.Nxd4 Ne5 13.Be2 Bc7 14.h3 Qd6 15.f4 Bb6
16.Be3 Rd8 17.Nc2 Qc7 18.Qe1 Nd3 19.Bxd3 Rxd3 20.Qe2 Rd8 21.e5 Bf5 22.Nb4 a5
23.Nxc6 Qxc6 24.exf6 Bd3 25.Qf3 Bxe3+ 26.Qxe3 Bxf1 27.Rxf1 Qxf6 28.Qb6 Qxb6+  0-1

[Event "12th Izmir Open"]
[Site "Izmir TUR"]
[Date "2013.09.04"]
[Round "9.12"]
[White "Simantsev,M"]
[Black "Nalbantoglu,H"]
[Result "1-0"]
[WhiteElo "2465"]
[BlackElo "2036"]

1.d4 d5 2.c4 c6 3.Nc3 Nf6 4.e3 e6 5.Nf3 Nbd7 6.Qc2 a6 7.b3 Bd6 8.Be2 b5 9.O-O b4
10.Na4 Bb7 11.Bb2 Ne4 12.Bd3 f5 13.Ne5 O-O 14.f3 Nef6 15.Rac1 Rc8 16.Qe2 c5
17.Nxd7 Nxd7 18.cxd5 exd5 19.Bxa6 Bxa6 20.Qxa6 Rf6 21.Qd3 Qc7 22.dxc5 Bxh2+
23.Kf2 Bg3+ 24.Ke2 Be5 25.Qxd5+ Kh8 26.Rcd1 Bxb2 27.Qxd7 Be5 28.f4 Qxd7 29.Rxd7 Bc3
30.Rfd1 Rff8 31.Rb7 Bf6 32.Rxb4  1-0

[Event "Satka Autumn 2013"]
[Site "Satka RUS"]
[Date "2013.09.05"]
[Round "3"]
[White "Schepetkova,M"]
[Black "Ubiennykh,E"]
[Result "1/2-1/2"]
[WhiteElo "2215"]
[BlackElo "2343"]

1.d4 d5 2.c4 c6 3.Nc3 e6 4.e3 Nf6 5.Nf3 Nbd7 6.Bd3 dxc4 7.Bxc4 b5 8.Bd3 Bd6
9.O-O O-O 10.Bd2 Bb7 11.Rc1 h6 12.Ne4 Nxe4 13.Bxe4 Rc8 14.b4 Qe7 15.Qb3 e5
16.Rfe1 Kh8 17.Bc3 f5 18.dxe5 Nxe5 19.Nxe5 Bxe5 20.Bxe5 Qxe5 21.Bf3 Rc7 22.Red1 c5
23.bxc5 Bxf3 24.gxf3 Rxc5 25.f4 Qe7 26.Qa3 Rfc8 27.Rxc5 Rxc5 28.Rd5 b4 29.Qd3 Rxd5
30.Qxd5 Qe4 31.Qa5 Qc2 32.Qxa7 Qd1+ 33.Kg2 Qg4+ 34.Kf1 Qd1+ 35.Kg2 Qg4+ 36.Kf1 Qd1+
37.Kg2  1/2-1/2

[Event "Satka Autumn 2013"]
[Site "Satka RUS"]
[Date "2013.09.05"]
[Round "3"]
[White "Samigullina,D"]
[Black "Nebolsina,V"]
[Result "1/2-1/2"]
[WhiteElo "2129"]
[BlackElo "2267"]

1.d4 d5 2.c4 c6 3.Nc3 Nf6 4.e3 e6 5.Nf3 Nbd7 6.Qc2 b6 7.e4 dxe4 8.Nxe4 Bb7
9.Nxf6+ Nxf6 10.Be2 c5 11.O-O Qc7 12.dxc5 bxc5 13.b3 Ng4 14.h3 h5 15.Rd1 Bd6
16.Bg5 Bh2+ 17.Kf1 Be5 18.Nxe5 Qxe5 19.Bxg4 hxg4 20.Qd2 Qc7 21.hxg4 f6 22.Be3 Ke7
23.Bxc5+ Qxc5 24.Qd7+ Kf8 25.Qxb7 Rh1+ 26.Ke2 Qe5+ 27.Kf3 Qc3+ 28.Ke2 Qe5+
29.Kf3 Qc3+ 30.Ke4  1/2-1/2

[Event "15th Trieste Open"]
[Site "Trieste ITA"]
[Date "2013.09.05"]
[Round "7"]
[White "Postny,E"]
[Black "Mchedlishvili,M"]
[Result "1/2-1/2"]
[WhiteElo "2628"]
[BlackElo "2633"]

1.d4 Nf6 2.c4 e6 3.Nf3 d5 4.Nc3 c6 5.e3 Nbd7 6.Bd3 dxc4 7.Bxc4 b5 8.Be2 Bb7
9.O-O Be7 10.a3 a5 11.Qc2 O-O 12.Rd1 Qb8 13.Bd2 Rc8 14.Be1 b4 15.axb4 axb4
16.Rxa8 Bxa8 17.Na4 c5 18.Nxc5 Nxc5 19.dxc5 Rxc5 20.Qa4 Rc8 21.Nd4 g6 22.Bf3 Bxf3
23.Nxf3 Nd5 24.h3  1/2-1/2

[Event "78th ch-ESP 2013"]
[Site "Linares ESP"]
[Date "2013.09.06"]
[Round "9.2"]
[White "Astasio Lopez,D"]
[Black "Korneev,O"]
[Result "0-1"]
[WhiteElo "2392"]
[BlackElo "2625"]

1.d4 d5 2.Nf3 Nf6 3.c4 e6 4.Nc3 c6 5.e3 Nbd7 6.Bd3 dxc4 7.Bxc4 b5 8.Bd3 a6
9.O-O c5 10.Ne5 Bb7 11.f4 g6 12.b3 cxd4 13.Nxb5 axb5 14.Bxb5 Bg7 15.a4 O-O
16.Ba3 Nxe5 17.fxe5 Nd5 18.Qf3 Qb6 19.Bxf8 Rxf8 20.exd4 Bxe5 21.Rad1 Bxd4+
22.Rxd4 Qxd4+ 23.Kh1 Ba8 24.Be8 Ne3 25.Bxf7+ Kg7  0-1

[Event "Svenska Cup 2013"]
[Site "Linkoping SWE"]
[Date "2013.09.06"]
[Round "1.8"]
[White "Tuomainen,Felix"]
[Black "Pettersson,Anders1"]
[Result "0-1"]
[WhiteElo "1823"]
[BlackElo "2316"]

1.d4 d5 2.Nf3 Nf6 3.c4 c6 4.e3 e6 5.Nc3 Nbd7 6.Qc2 a6 7.Bd3 dxc4 8.Bxc4 b5
9.Be2 c5 10.O-O Bb7 11.Rd1 Qc7 12.a3 Rc8 13.Qd2 Be7 14.Qe1 O-O 15.Nd2 Bd6
16.h3 cxd4 17.exd4 e5 18.dxe5 Nxe5 19.Nb3 Rfe8 20.Be3 Nc4 21.Bxc4 bxc4 22.Na5 Bh2+
23.Kh1 Qxa5 24.Kxh2 Qh5 25.Rd4 Rcd8 26.Qd2 Ng4+ 27.Kg1 Rxd4 28.Bxd4 Ne5 29.Re1 Qg6  0-1